000 00407nam a2200181Ia 4500
003 IT-RoPAU
008 120407s9999 xx 000 0 und d
040 _aIT-RoPAU
040 _cIT-RoPAU
041 _aita
100 _aRoger Brown
245 _aLa prima lingua. Ruoli semantici e relazioni grammaticali
250 _aRoma
260 _aArmando Armando
300 _c cm
490 _v11
942 _cBK
999 _c68
_d68